Cenicienta ... ¿es una mugrienta? /

Guardado en:
Autor Principal: Amelio Ortiz, Osvaldo Pastor
Otros Autores: Fiorini, Nancy; il.
Formato: Libro
Publicado: Buenos Aires : Grupo Unión, 2014
Materias:
Etiquetas: Agregar Etiqueta
Sin Etiquetas, Sea el primero en etiquetar este registro!
LEADER 00993nam a22002535a 4500
001 CEM.cems015209
008 130507s2014##################000#0#####d
005 20250326135926.0
245 1 0 |a Cenicienta ... ¿es una mugrienta? /  |c Osvaldo Pastor Amelio Ortiz ; ilustrado Por Nancy Fiorini 
260 |a Buenos Aires :  |b Grupo Unión,  |c 2014 
300 |a 32 p. 
500 |a Versión libre basada en el cuento original "la Cenicienta" de Charles Perrault 
020 |a 9789873677045 
100 1 |a Amelio Ortiz, Osvaldo Pastor 
700 1 |a Fiorini, Nancy; il. 
082 0 4 |a A868.4 
653 |a Literatura 
653 |a Literatura argentina 
653 |a Literatura infantil 
653 |a Cuentos infantiles 
653 |a Colección ciencias de la educación 
859 |a CEMS  |b BIB. CEMS - Inicial y Primaria  |h A868.4  |i Am32  |k IP  |p 4341  |t Ej.1 
859 |a CEMS  |b BIB. CEMS - Ccias. Educacion  |h A868.4  |i Am32  |k CE  |p 28403.19  |t Ej.1 
859 |a CEMS  |b BIB. CEMS - Ccias. Educacion  |h A868.4  |i Am32  |k CE  |p 29022.19  |t Ej.2